Proyecto y plan para la reconstitución de la hacienda española / (Record no. 165919)

MARC details
000 -LEADER
campo de control de longitud fija 00656nam a22001695i 4500
001 - NÚMERO DE CONTROL
campo de control 165919
003 - IDENTIFICADOR DE NÚMERO DE CONTROL
campo de control ES-MaACL
005 - FECHA Y HORA DE LA ÚLTIMA TRANSACCIÓN
campo de control 20230906213229.0
008 - DATOS DE LONGITUD FIJA--INFORMACIÓN GENERAL
campo de control de longitud fija 030508s1876 sp |||| | spa d
040 ## - FUENTE DE CATALOGACIÓN
Centro catalogador/agencia de origen CCPB | B
Lengua de catalogación spa
Centro/agencia transcriptor CCPB | B
100 1# - ENTRADA PRINCIPAL--NOMBRE DE PERSONA
Nombre de persona Suzzara, Juan.
9 (RLIN) 132962
245 10 - MENCIÓN DEL TÍTULO
Título Proyecto y plan para la reconstitución de la hacienda española /
Mención de responsabilidad, etc. por Juan Suzzara.
260 ## - PUBLICACIÓN, DISTRIBUCIÓN, ETC.
Lugar de publicación, distribución, etc. Madrid :
Nombre del editor, distribuidor, etc. [s.n.],
Fecha de publicación, distribución, etc. 1876 (
Fabricante imprenta del Indicador de los Caminos de Hierro)
300 ## - DESCRIPCIÓN FÍSICA
Extensión 20 p. ;
Dimensiones 23 cm.
650 #4 - PUNTO DE ACCESO ADICIONAL DE MATERIA--TÉRMINO DE MATERIA
Término de materia o nombre geográfico como elemento de entrada Conversión de la deuda-
Subdivisión geográfica España.
9 (RLIN) 155703
852 ## - LOCALIZACIÓN
Ubicación ES-MaACL
Número de control de estantería T-258-F-8
Nota libre -- Enc. hol., falto de la enc. original
-- -- Enc. en un vol. facticio
Holdings
Estatus retirado Estado de pérdida Estado de daño No para préstamo Colección Biblioteca de origen Biblioteca actual Ubicación en estantería Fecha de adquisición Total de préstamos Signatura topográfica completa Código de barras Visto por última vez Precio de reemplazo Tipo de ítem Koha
        Colección de folletos Biblioteca del Ateneo de Madrid Biblioteca del Ateneo de Madrid Depósito folletos 17/01/2008   T-258-F-8 1174004 23/02/2023 23/02/2023 Folleto